Insurgent : (Record no. 15608)
[ view plain ]
| 000 -LEADER | |
|---|---|
| fixed length control field | 00736nam a2200169 4500 |
| 008 - FIXED-LENGTH DATA ELEMENTS--GENERAL INFORMATION | |
| fixed length control field | 200929b ||||| |||| 00| 0 eng d |
| 020 ## - INTERNATIONAL STANDARD BOOK NUMBER | |
| International Standard Book Number | 978-0-00-816791-2 |
| 082 ## - DEWEY DECIMAL CLASSIFICATION NUMBER | |
| Edition number | 2012 |
| Classification number | DFic |
| Item number | R742 |
| 100 ## - MAIN ENTRY--PERSONAL NAME | |
| Personal name | Roth, Veronica |
| 9 (RLIN) | 42250 |
| 245 ## - TITLE STATEMENT | |
| Title | Insurgent : |
| Remainder of title | One choice can destroy you / |
| Statement of responsibility, etc. | Veronica Roth. |
| 260 ## - PUBLICATION, DISTRIBUTION, ETC. (IMPRINT) | |
| Place of publication, distribution, etc. | New York, New York : |
| Name of publisher, distributor, etc. | HarperCollins Publishers, |
| Date of publication, distribution, etc. | ©2012. |
| 300 ## - PHYSICAL DESCRIPTION | |
| Extent | 525 pages ; |
| Dimensions | 21 cm. |
| 440 ## - SERIES STATEMENT/ADDED ENTRY--TITLE | |
| Title | Divergent Series |
| 9 (RLIN) | 42251 |
| 520 ## - SUMMARY, ETC. | |
| Summary, etc. | As war surges in the factions of dystopian Chicago all around her, Tris attempts to save those she loves—and herself—while grappling with haunting questions of grief and forgiveness, identity and loyalty, politics and love. |
| 365 ## - TRADE PRICE | |
| Price amount | 580.00 |
| Currency code | Php |
| 942 ## - ADDED ENTRY ELEMENTS (KOHA) | |
| Source of classification or shelving scheme | Dewey Decimal Classification |
| Koha item type | Fiction |
| Withdrawn status | Lost status | Source of classification or shelving scheme | Damaged status | Not for loan | Collection code | Home library | Current library | Shelving location | Date acquired | Source of acquisition | Cost, normal purchase price | Total Checkouts | Full call number | Barcode | Date last seen | Date last checked out | Copy number | Price effective from | Koha item type |
|---|---|---|---|---|---|---|---|---|---|---|---|---|---|---|---|---|---|---|---|
| Dewey Decimal Classification | Fiction | UM Digos College - LIC | UM Digos College - LIC | Book Cart | 11/22/2019 | Purchased | 580.00 | 2 | DFic R742 2012 | 25886 | 05/15/2025 | 03/28/2023 | 1 | 10/06/2020 | Fiction |
